000 00694cam a2200169 4500
001 WS121375
008 030218n 000 0 eng u
035 _a(Sirsi) u121375
110 _aAssociation for Project Management
_93835
245 _aAssociation for Project Management : East Anglia Branch
520 _aWeb site for the East Anglia region of this UK based organisation dedicated to advancing the science of project management. Includes details of events and training.
650 _aORGANISATION
650 _aEAST ANGLIA
690 _aProject management
_96261
856 4 0 _uhttps://www.apm-eastanglia.org
_zView the website free of charge at www.apm-eastanglia.org...
942 _n0
999 _c120229
_d120229